000
00302nam a22001337a 4500
008
210301b ||||| |||| 00| 0 eng d
020
_a
2900763731990
041
_a
eng
080
_2
3th
_a
32
100
_a
19
101
_a
SHP
245
_a
Delivering health Care in America
_c
Shi,L
942
_2
udc
_c
BK
999
_c
55342
_d
55342